000 00289nam a22001217a 4500
040 _csy
082 _a895
100 _aណៃ សុវឿន
245 _aអក្សរសាស្រ្តខ្មែរ
260 _aRUA
_bណៃ សុវឿន
_c2008
300 _a60p;
942 _cKB
999 _c8514
_d8514